Responses for Show #2178 - Wednesday, February 9, 1994

Contestants

[<< previous game]

Hope Cohen, an analyst from New York City, New York

Steve Touma, an English teacher and law student from North Arlington, New Jersey

John East III, a prosecuting attorney originally from East Haven, Connecticut (whose 1-day cash winnings total $14,000)

[next game >>]

Jeopardy! Round responses

BIRDS
ACTORS & ACTRESSES
POTENT POTABLES
AMERICAN NOVELS
COMPUTERS
ENDS WITH "ICK"
    $100 16
pollen (or nectar)

John
    $100 1
Stalin

John
    $100 11
rum

Steve
    $100 6
Tom Sawyer

Hope
    $100 26
a printer

Hope
    $100 21
a slick

Steve
    $200 17
owls

Steve
    $200 2
Jimmy Stewart

Steve
    $200 12
Fizz

Steve
    $200 7
The Scarlet Letter

John
    $200 27
cards

Hope
    $200 22
the kick

Hope
    $300 18
chimneys

John
    $300 3
Sigourney Weaver

John
    $300 13
a lime

John
    $300 8
(Steve: Who is Isaiah?)
(Hope: Who is Ahab?)
...
(Alex: [*] in the belly of the whale.)

Jonah

SteveHope
Triple Stumper
    $300 28
electronic

Hope
    $300 23
a stick

Hope
    $400 19
(Steve: What is smell?)

touch

JohnSteve
    $400 4
Saturday Night Live

John
    $400 14
Irish whiskey

Hope
    $400 9
(John: What is From Here to Eternity?)

The Naked and the Dead

JohnSteve
    $400 29
passwords

Hope
    $400 24
a tick

John
    $700 20
an albatross

John
    $500 5
Shelley Fabares

John
    $500 15
a Sidecar

John
    $500 10
Invisible Man

Steve
    $500 30
[Applause for Hope's run of the category]

a scanner

Hope
    $500 25
a toothpick

Hope

Scores at the first commercial break (after clue 15):

John Steve Hope
$1,900 $1,100 $200

Scores at the end of the Jeopardy! Round:

John Steve Hope
$3,800 $1,000 $2,700

Double Jeopardy! Round responses

U.S. PRESIDENTS
ARTISTS
ANGELS IN THE BIBLE
TEXTILES
CITIES OF INDIA
PLAYS & PLAYWRIGHTS
    $200 6
Washington

Hope
    $200 8
Switzerland

Steve
    $200 16
forever

Triple Stumper
    $200 26
green

John
    $200 21
New Delhi

John
    $200 1
Cat on a Hot Tin Roof

John
    $400 7
Coolidge

Hope
    $400 12
Picasso

John
    $400 17
Joseph

Hope
    $400 27
shrinking

John
    $400 22
Calcutta

Hope
    $400 2
South Africa

Hope
    $600 9
Theodore Roosevelt

John
    $600 13
Art Nouveau

Hope
    $600 18
(Steve: Who is the Antichrist or [*]?)
[Originally accepted as correct; reversed before Daily Double at clue 29 because "'Antichrist' is a part of the response that is not correct"]

Satan

Steve
Triple Stumper
    $600 28
the pineapple plant

Triple Stumper
    $600 25
Bombay

Hope
    $600 3
(Henrik) Ibsen

John
    $700 10
Andrew Jackson

John
    $800 14
Modigliani

John
    $800 19
Elijah

John
    $700 29
Burlington Mills (or Burlington Industries)

John
    $800 24
Agra

Steve
    $800 4
Pinter

Hope
    $1000 11
(Hope: Who is Harrison?)
(Alex: Be more specific.)

Benjamin Harrison

Hope
    $1000 15
Monet

Steve
    $1000 20
Michaelmas

Triple Stumper
    $1000 30
paisley

Hope
    $1000 23
Bhopal

Hope
    $1000 5
(Sean) O'Casey

Steve

Scores at the end of the Double Jeopardy! Round:

John Steve Hope
$9,400 $3,400 $9,500

[wagering suggestions for these scores]

Final Jeopardy! Round responses

TRAVEL & TOURISM
(Alex: Now let's go down to Hope Cohen. She had the lead with $9,500. She is covering a medallion or something there. You were going to write, "What is...")
(Hope: Chuckland.)
[Laughter]
(Alex: Chuckland?)
[Hope smiles and shrugs.]
SteveWhat is Carlsbad
$600
JohnWhat is Carlsbad?
$9,400
HopeWhat is Chuckll
$9,400
Monte Carlo

Final scores:

John Steve Hope
$0 $2,800 $100
3rd place: Citizen Super Matrix pocket-size LCD color TV & video monitor + Wheel of Fortune & Jeopardy! for the 16-bit Super Nintendo Entertainment System & the Sega Genesis system + the Jeopardy! home game New champion: $2,800 2nd place: a trip to Maui on Delta Airlines + a week at the Village Resorts Sands of Kahana resort on the shores of West Maui + the Jeopardy! home game

Game dynamics:

Coryat scores:

John Steve Hope
$9,400 $3,400 $9,500
23 R
(including 3 DDs),
1 W
11 R,
3 W
21 R,
1 W

Combined Coryat: $22,300

[game clues] [game scores] [suggest correction]

Game tape date: 1993-11-30
The J! Archive is created by fans, for fans. Scraping, republication, monetization, and malicious use prohibited; this site may use cookies and collect identifying information. See terms. The Jeopardy! game show and all elements thereof, including but not limited to copyright and trademark thereto, are the property of Jeopardy Productions, Inc. and are protected under law. This website is not affiliated with, sponsored by, or operated by Jeopardy Productions, Inc. Join the discussion at JBoard.tv.